000 01085cam a2200313 a 4500
001 13935724
003 OSt
005 20230606082245.0
008 050419s2002 enk 001 0 eng
010 _a 2005274163
020 _a0406949964 (pbk.)
040 _aDLC
_cDLC
_dDLC
043 _ae-uk---
082 _a344.01
_bSEL
100 1 _aSelwyn, Norman M.
245 1 0 _aLaw of employment /
_cNorman Selwyn.
246 1 4 _aSelwyn's law of employment
250 _a12th ed.
260 _aLondon ;
_aDayton, Ohio :
_bLexisNexis,
_cc2002
_g(2003 printing)
300 _alxxxviii, 737 p. ;
_c25 cm.
500 _aIncludes index.
650 0 _aLabor laws and legislation
_zGreat Britain.
650 0 _aLabor contract
_zGreat Britain.
856 4 2 _3Publisher description
_uhttp://www.loc.gov/catdir/enhancements/fy0638/2005274163-d.html
856 4 1 _3Table of contents only
_uhttp://www.loc.gov/catdir/enhancements/fy0638/2005274163-t.html
906 _a7
_bcbc
_corigcop
_d2
_encip
_f20
_gy-gencatlg
942 _2ddc
_cBK
999 _c472
_d472